| Tag |
First Indicator |
Second Indicator |
Subfields |
| LEADER |
00000cam a2200000 i 4500 |
| 001 |
in00004419613 |
| 005 |
20210422122834.0 |
| 006 |
m o d |
| 007 |
cr ||||||||||| |
| 008 |
201008t20212021nyua ob 000 0 eng d |
| 020 |
|
|
|a 9781000294712
|q electronic book
|
| 020 |
|
|
|a 1000294714
|q electronic book
|
| 020 |
|
|
|a 9781000294651
|q electronic book
|
| 020 |
|
|
|a 100029465X
|q electronic book
|
| 020 |
|
|
|a 9781000294682
|q electronic book
|
| 020 |
|
|
|a 1000294684
|q electronic book
|
| 020 |
|
|
|a 9781003095798
|q electronic book
|
| 020 |
|
|
|a 1003095798
|q electronic book
|
| 020 |
|
|
|z 9780367559243
|q paperback
|
| 020 |
|
|
|z 9780367559465
|q hardcover
|
| 024 |
8 |
|
|a 40030348390
|
| 035 |
|
|
|a (NhCcYBP)ybp16886133
|
| 037 |
|
|
|a 9781000294712
|b Ingram Content Group
|
| 040 |
|
|
|a NhCcYBP
|c NhCcYBP
|d UtOrBLW
|
| 043 |
|
|
|a n-us---
|
| 050 |
|
4 |
|a LB2844.1.S8
|b W37 2021
|
| 082 |
0 |
4 |
|a 371.14/122
|2 23
|
| 082 |
0 |
4 |
|a 371.141220973
|2 23
|
| 100 |
1 |
|
|a Washington, Barbara,
|e author.
|0 http://id.loc.gov/authorities/names/n2020042963
|
| 245 |
1 |
2 |
|a A guide for substitute and interim teachers :
|b practical tools for success /
|c Barbara Washington.
|
| 264 |
|
1 |
|a New York, NY :
|b Routledge,
|c 2021.
|
| 264 |
|
4 |
|c ©2021
|
| 300 |
|
|
|a 1 online resource.
|
| 336 |
|
|
|a text
|b txt
|2 rdacontent
|
| 337 |
|
|
|a computer
|b c
|2 rdamedia
|
| 338 |
|
|
|a online resource
|b cr
|2 rdacarrier
|
| 504 |
|
|
|a Includes bibliographical references.
|
| 588 |
|
|
|a Description based on online resource; title from digital title page (viewed on February 05, 2021).
|
| 500 |
|
|
|a Electronic resource.
|
| 650 |
|
0 |
|a Substitute teaching
|z United States.
|
| 650 |
|
0 |
|a Substitute teachers
|x Vocational guidance
|z United States.
|
| 655 |
|
7 |
|a Electronic books.
|2 local
|
| 710 |
2 |
|
|a Taylor & Francis.
|0 http://id.loc.gov/authorities/names/n84073022
|
| 776 |
1 |
8 |
|i Print version :
|z 9780367559465
|
| 856 |
4 |
0 |
|u http://proxy.library.tamu.edu/login?url=https://www.taylorfrancis.com/books/9781003095798
|z Connect to the full text of this electronic book
|t 0
|
| 945 |
|
|
|b 772444
|
| 955 |
|
|
|a YBP purchased approval e-records
|
| 980 |
|
|
|b 140.00
|g 1
|
| 999 |
f |
f |
|s 2e31f556-b9f4-3efe-a68d-64a30f33920d
|i 7f400f55-e07f-3ab2-ae89-27208875e4e2
|t 0
|
| 952 |
f |
f |
|a Texas A&M University
|b College Station
|c Electronic Resources
|d Available Online
|t 0
|e LB2844.1.S8 W37 2021
|h Library of Congress classification
|
| 998 |
f |
f |
|a LB2844.1.S8 W37 2021
|t 0
|l Available Online
|